Место примитива в структуре современной художественной культуры (Запись № 4473058)

Подробности
000 -МАРКЕР
контрольное поле 01691nam0a2200325 i 4500
001 - ИДЕНТИФИКАТОР ЗАПИСИ
контрольное поле RU\NLR\bibl\2026085
005 - ИДЕНТИФИКАТОР ВЕРСИИ
контрольное поле 20260408100349.0
010 ## - МЕЖДУНАРОДНЫЙ СТАНДАРТНЫЙ НОМЕР КНИГИ (ISBN)
Номер (ISBN) 9785888387665
Тираж 100
021 ## - НОМЕР ГОСУДАРСТВЕННОЙ РЕГИСТРАЦИИ
Код страны российская федерация
Номер 2013-25862
Номер Листа государственной регистраци 1783
035 ## - ДРУГИЕ СИСТЕМНЫЕ НОМЕРА
Идентификатор записи (NLR Aleph) 002014113
100 ## - ДАННЫЕ ОБЩЕЙ ОБРАБОТКИ
Данные общей обработки 20130419d2012 k y0rusy50 ca
101 0# - ЯЗЫК РЕСУРСА
Язык текста, звукозаписи и т.д. русский
102 ## - СТРАНА ПУБЛИКАЦИИ ИЛИ ПРОИЗВОДСТВА
Страна публикации российская федерация
105 ## - ПОЛЕ КОДИРОВАННЫХ ДАННЫХ: ТЕКСТОВЫЕ МАТЕРИАЛЫ, МОНОГРАФИЧЕСКИЕ
Кодированные данные о монографическом текстовом документе ac |||||||||
200 1# - ЗАГЛАВИЕ И СВЕДЕНИЯ ОБ ОТВЕТСТВЕННОСТИ
Основное заглавие Место примитива в структуре современной художественной культуры
Сведения, относящиеся к заглавию [материалы чтений]
Первые сведения об ответственности IV Варламов. искусствоведч. чтения
Последующие сведения об ответственности [под общ. ред. д-ра культурологии Ю.Э. Комлева]
210 ## - ПУБЛИКАЦИЯ, РАСПРОСТРАНЕНИЕ И ДР.
Место издания, распространения и т.д. Оренбург
Имя издателя, распространителя и т. д. ОГАУ
Дата издания, распространения и т.д. 2012
215 ## - ФИЗИЧЕСКАЯ ХАРАКТЕРИСТИКА
Специфическое обозначение материала и объем 184 с.
Другие сведения о физической характеристике портр., цв. ил., портр.
Размеры 21
300 ## - ОБЩИЕ ПРИМЕЧАНИЯ
Текст примечания В надзаг.: М-во культуры, обществ. и внеш. связей Оренб. обл., Оренб. обл. музей изобразит. искусств
320 ## - ПРИМЕЧАНИЯ О НАЛИЧИИ В ДОКУМЕНТЕ БИБЛИОГРАФИИ / УКАЗАТЕЛЯ
Текст примечания Библиогр. в конце ст.
606 1# - НАИМЕНОВАНИЕ ТЕМЫ КАК ПРЕДМЕТ
Наименование темы Примитивизм
Формальный подзаголовок Сборники
Тематический подзаголовок в изобразительном искусстве русском
Хронологический подзаголовок 20 - 21 вв.
Системный номер авторитетной/нормативной записи 2576870
Идентификатор авторитетной/нормативной записи RU\NLR\auth\661523555
686 ## - ИНДЕКСЫ ДРУГИХ КЛАССИФИКАЦИЙ
Индекс Щ103(2Р=Рус)7-239я43
702 #1 - ИМЯ ЛИЦА - ВТОРИЧНАЯ ОТВЕТСТВЕННОСТЬ
Начальный элемент ввода Комлев
Часть имени, кроме начального элемента ввода Ю. Э.
Расширение инициалов личного имени Юрий Эдуардович
Код отношения Редактор
711 12 - НАИМЕНОВАНИЕ ОРГАНИЗАЦИИ - АЛЬТЕРНАТИВНАЯ ОТВЕТСТВЕННОСТЬ
Начальный элемент ввода Варламовские искусствоведческие чтения
Порядковый номер временной организации и / или порядковый номер ее части 4
Дата проведения временной организации 2012
Место проведения временной организации Оренбург
Идентификатор авторитетной/нормативной записи RU\NLR\AUTH\8810238584
Системный номер авторитетной/нормативной записи 362826
801 #0 - ИСТОЧНИК ЗАПИСИ
Страна российская федерация
Организация NLR
Дата составления 20130419
Правила каталогизации RCR
801 #1 - ИСТОЧНИК ЗАПИСИ
Страна российская федерация
Организация NLR
Дата составления 20130419
942 ## - ДОПОЛНИТЕЛЬНЫЕ ЭЛЕМЕНТЫ ЗАПИСИ (АБИС)
Тип экземпляра АБИС Книга
980 ## - КОЛЛЕКЦИЯ
Название коллекции НБР

Нет доступных экземпляров.